Library of the University of Algiers 3
Ibrahim Sultan Cheibout
شعار جامعة الجزائر 3
مكتبة جامعة الجزائر 3
إبراهيم سلطان شيبوط

المحاسبة الحكومية / (رقم التسجيلة. 45302)

تفاصيل مارك
000 -LEADER
fixed length control field 01317nam a2200205Ia 4500
003 - CONTROL NUMBER IDENTIFIER
control field Ost
005 - DATE AND TIME OF LATEST TRANSACTION
control field 20260507075636.0
008 - FIXED-LENGTH DATA ELEMENTS--GENERAL INFORMATION
fixed length control field 260507s9999||||xx |||||||||||||| ||und||
040 ## - CATALOGING SOURCE
Transcribing agency fsecg
041 ## - LANGUAGE CODE
Language code of text/sound track or separate title ara
082 ## - DEWEY DECIMAL CLASSIFICATION NUMBER
Classification number 657.835
100 ## - MAIN ENTRY--PERSONAL NAME
Personal name أبو المكارم، وصفي عبد الفتاح
Relator term مؤلف
245 #0 - TITLE STATEMENT
Title المحاسبة الحكومية /
Statement of responsibility, etc. وصفي عبد الفتاح أبو المكارم
260 ## - PUBLICATION, DISTRIBUTION, ETC.
Place of publication, distribution, etc. الإسكندرية:
Name of publisher, distributor, etc. الدار الجامعية للنشر,
Date of publication, distribution, etc. 1998
300 ## - PHYSICAL DESCRIPTION
Extent 263 صفحة؛
Other physical details إيضاحات ؛
Dimensions 24 سم
520 ## - SUMMARY, ETC.
Summary, etc. خصائص التنظيمات الحكومية- أثر خصائص التنظميات الحكومية على وظيفتي القياس والإتصال المحاسبي- مبادئ المحاسبة الحكومية- دور الموازنة العامة في النظام المحاسبي الحكومي- الإطار العام لنظام المحاسبة الحكومية في جمهورية مصر العربية- الضبط الداخلي على الإيرادات وطرق تحصيلها- المصروفات العامة- الإستخدمات الإستثمارية- التقارير الدورية والحساب الختامي السنوي
653 ## - INDEX TERM--UNCONTROLLED
Uncontrolled term المحاسبة
653 ## - INDEX TERM--UNCONTROLLED
Uncontrolled term المحاسبة العامة
942 ## - ADDED ENTRY ELEMENTS (KOHA)
Koha item type كتب
المقتنيات
Withdrawn status Lost status Source of classification or shelving scheme Damaged status Not for loan Home library Current library Date acquired Serial enumeration / chronology Inventory number Total checkouts Full call number Barcode Date last seen Price effective from Koha item type
    Dewey Decimal Classification   NOT LOAN / إعارة داخلية مكتبة كلية العلوم الإقتصادية والعلوم التجارية وعلوم التسيير مكتبة كلية العلوم الإقتصادية والعلوم التجارية وعلوم التسيير 07/05/2026 الطابق الأرضي 561/1   أ/561ن1 561/1 07/05/2026 07/05/2026 كتب

موارد الويب المفتوحة


© University of Algiers 3 All Rights Reserved
|
Implemented by LECHELAH Riad